| 000 | 00757nam a2200229 u 4500 | ||
|---|---|---|---|
| 005 | 20240504063757.0 | ||
| 008 | 091019s2006 es r 000 0 spa d | ||
| 020 | _a8449319315 (10 dígitos) | ||
| 020 | _a9788449319310 (13 dígitos) | ||
| 035 | _aUPN01000173278 | ||
| 049 | _aCG | ||
| 050 | 4 |
_aDU740 _bM3.7 |
|
| 100 | 1 |
_aMead, Margaret, _d1901-1978 |
|
| 245 | 1 | 0 |
_aSexo y temperamento : _ben tres sociedades primitivas / _cMargaret Mead ; tr. Inés Malinow. |
| 260 |
_aBarcelona, Esp. : _bPaidos, _c2006. |
||
| 300 | _a309 p. | ||
| 440 | 0 |
_aSurcos ; _v32 |
|
| 534 |
_pTraducción de: _tSix and temperament in three primitive societies |
||
| 650 | 4 |
_aSociedades primitivas _914809 |
|
| 651 | 4 |
_aNUEVA GUINEA - _xGRUPOS NATIVOS _914810 |
|
| 905 | _aLibro | ||
| 999 |
_c145382 _d145382 |
||